Efecto de vicia y centeno como cultivo de cobertura sobre el balance de carbono y nitrógeno en un sistema de siembra directa de la región semiárida pampeana /
Guardado en:
| Otros Autores: | , , |
|---|---|
| Formato: | Manuscrito |
| Idioma: | Spanish |
| Publicado: |
2015.
|
| Materias: | |
| Acceso en línea: | Texto completo |
| Etiquetas: |
Agregar Etiqueta
Sin Etiquetas, Sea el primero en etiquetar este registro!
|
| LEADER | 01387ntm a22003255a 4500 | ||
|---|---|---|---|
| 001 | EEA.libagro010706 | ||
| 005 | 20160606095258.0 | ||
| 008 | 160511s2015####ag#######bm###000#0#spa#d | ||
| 082 | 0 | 4 | |a 040 |2 15 |
| 082 | 0 | 4 | |a 631.45 |2 15 |
| 082 | 0 | 4 | |a 633.1 |2 15 |
| 100 | 1 | |a Frasier, Ileana. |4 dis | |
| 245 | 1 | 0 | |a Efecto de vicia y centeno como cultivo de cobertura sobre el balance de carbono y nitrógeno en un sistema de siembra directa de la región semiárida pampeana / |c Ileana Frasier. |
| 260 | |c 2015. | ||
| 300 | |a xxi, 182 p. : |b il. col. ; |c 30 cm. | ||
| 500 | |a "Tesis de Doctor en Agronomía". | ||
| 500 | |a Directores de tesis: Alberto Raúl Quiroga y Nilda Mabel Amiotti. | ||
| 502 | |a Tesis (doctor)--Universidad Nacional del Sur. Departamento de Agronomía, 2015. | ||
| 504 | |a Incluye referencias bibliográficas. | ||
| 530 | |a Disponible también en formato digital. | ||
| 650 | 7 | |a Agronomía. |2 unbist | |
| 650 | 7 | |a Centeno. |2 unbist | |
| 653 | |a Cultivos de cobertura | ||
| 653 | |a Siembra directa | ||
| 653 | |a Región semiárida pampeana (Argentina) | ||
| 700 | 1 | |a Quiroga, Alberto Raúl. |4 ths | |
| 700 | 1 | |a Amiotti, Nilda Mabel. |4 ths | |
| 710 | 2 | |a Universidad Nacional del Sur. |b Departamento de Agronomía |4 dgg. | |
| 856 | 4 | 1 | |3 Texto completo |u http://repositoriodigital.uns.edu.ar/handle/123456789/2609 |
| 859 | |a AR-BbBCA |b BIB. AGRONOMIA |h 040 |i B148 2015-1415fra |p 125530/016 | ||
